000 00848nam a2200229 i 4500
001 45816
003 ES-MaACL
005 20250710134120.0
007 t|
008 030327s1914 fr ||||1| fre d
100 1 _aCollignon, Maxime.
_939712
245 1 3 _aLe Parthénon :
_bl'histoire, l'architecture et la sculpture /
_cpar Maxime Collignon.
260 _aParis :
_bHachette et Cie.,
_c1914] (
_fImp. Berger-Levrault)
300 _a210 p., [22] h. de lám. :
_bil. ;
_c28 cm.
530 _aDisponible en formato digital.
610 2 4 _aPartenón.
_9146680
651 4 _aAtenas-
_xEdificios, estructuras, etc.
_9173275
852 _aES-MaACL
_jF-127
_cDEPO2
_zRevisado enlace: 10 de julio de 2025
856 4 _uhttps://archive.org/details/leparthnonlhisto00coll/page/n11/mode/2up
_yInternet Archive
942 _2udc
999 _c45816
_d45816